Možnosti použitia informačných a komunikačných technológií vo výučbe cudzích jazykov
Saved in:
| Main Author: | |
|---|---|
| Corporate Author: | |
| Other Authors: | , |
| Format: | Book |
| Language: | Slovak |
| Published: |
Sládkovičovo
Vysoká škola v Sládkovičove
2011
|
| Series: | Vedecké monografie VŠS
|
| Subjects: | |
| Tags: |
No Tags, Be the first to tag this record!
|
MARC
| LEADER | 00000nam a2200000 4500 | ||
|---|---|---|---|
| 001 | 0143565 | ||
| 005 | 20240502072556.6 | ||
| 020 | |a 978-80-89267-60-6 | ||
| 041 | 0 | |a slo | |
| 044 | |a SK | ||
| 245 | 1 | 0 | |a Možnosti použitia informačných a komunikačných technológií vo výučbe cudzích jazykov |c Eva Stradiotová |
| 264 | 1 | |a Sládkovičovo |b Vysoká škola v Sládkovičove |c 2011 | |
| 300 | |a 208 s. [5,39 AH] | ||
| 490 | 1 | |a Vedecké monografie VŠS | |
| 830 | 0 | |a Vedecké monografie VŠS | |
| 610 | 2 | 0 | |a vyučovanie |
| 610 | 2 | 0 | |a technológie informačné |
| 610 | 2 | 0 | |a technológie komunikačné |
| 610 | 2 | 0 | |a jazyky cudzie |
| 610 | 2 | 0 | |a spracovanie textov |
| 610 | 2 | 0 | |a korešpondencia |
| 100 | 1 | |a Stradiotová, Eva, 1963- | |
| 700 | 1 | |a Harajová, Alica | |
| 700 | 1 | |a Meľsitová, Jolana | |
| 710 | 2 | |a Vysoká škola v Sládkovičove. Ústav jazykov a odbornej komunikácie | |